000 00613nam a2200229Ia 4500
003 OSt
005 20230502115543.0
008 210423s2012 xx 000 0 und d
020 _a9780521132589
040 _cAL
041 _aeng
082 _a330.015195
_223
_bBARH
100 _aBARRETO (Humberto);HOWLAND (Frank M)
_995920
245 _aIntroductory econometrics
260 _aNew Delhi
_bCambridge University Press
_c2012
300 _axxiii,774
_bPB
365 _b645
_cINR
650 _aEconomics
_995921
650 _aEconomics
_995921
906 _aeconometrics ; Introductory
942 _2ddc
_cBK
999 _c161442
_d161442